000 02058cam a2200313 4500500
005 20251228080826.0
041 _afre
042 _adc
100 1 0 _aBracon, Anna
_eauthor
245 0 0 _aLes irréductibles Cauchois, ou l’histoire de l’innovation au domaine des Tilleuls
260 _c2018.
500 _a80
520 _aLe Domaine des tilleuls, structure singulière située en plein cœur du pays de Caux en Normandie, est progressivement passé d’une logique communautaire à une logique d’innovation sociale. En répondant à différents appels à projet, il a développé son activité et propose aujourd’hui une réponse étendue en matière d’insertion sociale et professionnelle en phase avec les besoins de son territoire. Des actions expérimentales en lien avec le logement, la santé, l’emploi et la culture, présentées ici, y ont notamment vu le jour et sont actuellement pérennisées.
520 _aLe Domaine des tilleuls is a singular establishment situated in the heart of the pays de Caux in Normandy. Initially working with a community approach it has progressively adopted a social innovation perspective. By making a number of proposals in response to public tendering procedures, it has been able to develop its activity and offers today a wide response in terms of social and professional insertion that is adapted to the needs of its territory. The experimental actions in the fields of housing, health, employment and culture presented here have succeeded in being permanently adopted.
690 _aassociation
690 _ainnovation sociale
690 _ainsertion
690 _aintervention sociale
690 _aprécarité
690 _arural
690 _ainsertion
690 _anon-profit
690 _aprecarity
690 _arural
690 _asocial innovation
690 _asocial intervention
786 0 _nVie sociale | 22 | 2 | 2018-10-15 | p. 59-78 | 0042-5605
856 4 1 _uhttps://shs.cairn.info/revue-vie-sociale-2018-2-page-59?lang=fr&redirect-ssocas=7080
999 _c1598991
_d1598991